La Successió testada a la Catalunya altomedieval / per Antoni M. Udina i Abelló
Descripción Física:
357 p. ; 24 cm
Colección:
Textos i documents ; 5
Otros Autores:
Fundació Noguera
Materias:
Testaments -- Catalunya -- S. IX/XI
MARC
| LEADER | 00000nam a2200000Ia 4500 | ||
|---|---|---|---|
| 001 | 1511 | ||
| 008 | 160829s1984 xx 000 0 cat d | ||
| 080 | |a H-2-23 | ||
| 100 | |a Udina i Abelló, Antoni M. |9 25531 | ||
| 245 | |a La Successió testada a la Catalunya altomedieval / per Antoni M. Udina i Abelló | ||
| 260 | |a Barcelona : |b Fundació Noguera, |c 1984 | ||
| 300 | |a 357 p. ; |c 24 cm | ||
| 490 | |a Textos i documents ; 5 | ||
| 650 | |a Testaments |x Catalunya |x S. IX/XI |9 25532 | ||
| 700 | |a Fundació Noguera |9 70407 | ||
| 901 | |a Arxiu | ||
| 942 | |n 1 | ||
| 952 | |0 0 |1 0 |4 0 |6 H223 |7 1 |9 43662 |a Arxiu |b Arxiu |d 2016-12-01 |l 0 |o H-2-23 |p 1511 |r 2016-12-01 00:00:00 |w 2016-12-01 |y ARXIU | ||
| 999 | |c 46210 |d 46210 | ||